000 01123nam a2200313 i 4500
999 _c65196
_d65196
001 768714001
003 CO-MdFUSB
005 20190917143146.0
008 190909t2010 ec ac||| |||| 00| 0 spa d
020 _a9789978672273
040 _aCO-MdFUSB
_bspa
_cCO-MdFUSB
_dCO-MdFUSBC
_erda
041 _aspa
082 _223
_a306.0986
_bM663
100 _aMinango Narvaéz, Gloria María.
_eautor
245 1 4 _aLos años viejos y las viudas :
_b¿negociaciones del orden sexual?
_c/ Gloria María Minango Narvaéz.
264 1 _aQuito, Ecuador :
_bAbya Yala,
_c[2010]
264 4 _a1
_c© 2010
300 _a104 páginas
_c; 21 cm
336 _2rdacontent
_atexto
_btxt
337 _2rdamedia
_asin mediación
_bn
338 _2rdacarrier
_avolumen
_bnc
490 _aTesis.
504 _aIncluye referencias Bibliográficas (páginas 101-104)
505 _aCultura popular e identidades de género. -- El año viejo en el barrio las casas. -- El año viejo y las viudas. Cambios y transformaciones.
563 _aRústico
650 0 _92450
_aSociología de la cultura
_zEcuador
942 _cBK
945 _aJTF-925